Histoire des croisades, entreprises pour la délivrance de la Terre-Sainte / (Record no. 159691)
[ view plain ]
| 000 -LEADER | |
|---|---|
| campo de control de longitud fija | 01240nam a2200265 i 4500 |
| 001 - NÚMERO DE CONTROL | |
| campo de control | 159691 |
| 003 - IDENTIFICADOR DE NÚMERO DE CONTROL | |
| campo de control | ES-MaACL |
| 005 - FECHA Y HORA DE LA ÚLTIMA TRANSACCIÓN | |
| campo de control | 20230906211732.0 |
| 008 - DATOS DE LONGITUD FIJA--INFORMACIÓN GENERAL | |
| campo de control de longitud fija | 040921s1825 fr ab |||| | fre d |
| 040 ## - FUENTE DE CATALOGACIÓN | |
| Centro catalogador/agencia de origen | CAM |
| Lengua de catalogación | spa |
| Centro/agencia transcriptor | CAM |
| 100 1# - ENTRADA PRINCIPAL--NOMBRE DE PERSONA | |
| Nombre de persona | Mills, Charles. |
| 9 (RLIN) | 129932 |
| 245 10 - MENCIÓN DEL TÍTULO | |
| Título | Histoire des croisades, entreprises pour la délivrance de la Terre-Sainte / |
| Mención de responsabilidad, etc. | par Charles Mills ; traduite de l'anglais par Paul Tiby et accompagnée d'un Atlas dessiné et gravé par Ambroise Tardieu. |
| 260 ## - PUBLICACIÓN, DISTRIBUCIÓN, ETC. | |
| Lugar de publicación, distribución, etc. | Paris : |
| Nombre del editor, distribuidor, etc. | chez Boulland et C., libraires, |
| Fecha de publicación, distribución, etc. | 1825 ( |
| Fabricante | Imprimerie de Stahl) |
| 300 ## - DESCRIPCIÓN FÍSICA | |
| Extensión | 3 v. ; |
| Dimensiones | 21 cm. |
| 490 1# - MENCIÓN DE SERIE | |
| Mención de serie | Oeuvres complètes de Charles Mills |
| 500 ## - NOTA GENERAL | |
| Nota general | Descripción basada en el T. II. Aunque en antep. y port. consta "tome premier", el contenido corresponde al tomo segundo. |
| 597 ## - NOTA DE DESCRIPCIÓN FÍSICA | |
| NOTA DE DESCRIPCIÓN FÍSICA | T. II. (416 p. [1] h. de map. pleg.) |
| 599 ## - NOTA A LAS ILUSTRACIONES | |
| NOTA A LAS ILUSTRACIONES | La h. de map. pleg.: "Syrie, Terre Sainte et Basse Egypte au tems des croisades", dressé et gravé par Ambroise Tardieu. |
| 650 #4 - PUNTO DE ACCESO ADICIONAL DE MATERIA--TÉRMINO DE MATERIA | |
| Término de materia o nombre geográfico como elemento de entrada | Cruzadas. |
| 9 (RLIN) | 11463 |
| 700 1# - ENTRADA AGREGADA--NOMBRE PERSONAL | |
| Nombre de persona | Tiby, Paul. |
| 9 (RLIN) | 133249 |
| 700 1# - ENTRADA AGREGADA--NOMBRE PERSONAL | |
| Nombre de persona | Tardieu, Ambroise. |
| 9 (RLIN) | 133128 |
| 830 0# - PUNTO DE ACCESO ADICIONAL DE SERIE-TÍTULO UNIFORME | |
| Título uniforme | Oeuvres complètes de Charles Mills |
| 9 (RLIN) | 221962 |
| 852 ## - LOCALIZACIÓN | |
| Ubicación | ES-MaACL |
| Número de control de estantería | G-10894 |
| Nota libre | -- Enc. hol. |
| condición física | -- Sólo T. II |
| Estatus retirado | Estado de pérdida | Estado de daño | No para préstamo | Colección | Biblioteca de origen | Biblioteca actual | Ubicación en estantería | Fecha de adquisición | Fuente de adquisición | Total de préstamos | Signatura topográfica completa | Código de barras | Visto por última vez | Precio de reemplazo | Tipo de ítem Koha |
|---|---|---|---|---|---|---|---|---|---|---|---|---|---|---|---|
| Libros del s. XIX | Biblioteca del Ateneo de Madrid | Biblioteca del Ateneo de Madrid | Sala Pecera Planta 3 | 17/01/2008 | G-10894 | 1167179 | 23/02/2023 | 23/02/2023 | Libro impreso antiguo |
